Tanečnice /
Románový příběh o trnité cestě talentované ukrajinské dívky za štěstím a uměleckou kariérou, která se nevyhne ani kontaktu s podsvětím.
Uloženo v:
| Hlavní autor: | |
|---|---|
| Médium: | E-kniha |
| Jazyk: | Czech |
| Vydáno: |
Praha :
Euromedia Group,
2020
|
| Vydání: | Vydání první |
| Témata: | |
| Tagy: |
Žádné tagy |
| LEADER | 02604nam a2200409 i 4500 | ||
|---|---|---|---|
| 001 | 311267 | ||
| 003 | CZ PrSKC | ||
| 005 | 20260601215702.0 | ||
| 007 | ta | ||
| 008 | 201201s2020 xr g 000 f cze | ||
| 015 | |a cnb003233486 | ||
| 020 | |a 9788024268507 |q (vázáno) | ||
| 035 | |a (OCoLC)1240908849 | ||
| 040 | |a ABG001 |b cze |d ABA001 |e rda | ||
| 072 | 7 | |a 821.162.3-3 |x Česká próza |2 Konspekt | |
| 080 | |a 821.162.3-31 |2 MRF | ||
| 080 | |a (0:82-31) |2 MRF | ||
| 100 | 1 | |a Šefara, Michal, |d 1991- |7 kv2012720882 |4 aut | |
| 245 | 1 | 0 | |a Tanečnice / |c Michal Šefara |
| 250 | |a Vydání první | ||
| 264 | 1 | |a Praha : |b Euromedia Group, |c 2020 | |
| 300 | |a 405 stran ; |c 21 cm | ||
| 336 | |a text |b txt |2 rdacontent | ||
| 337 | |a bez média |b n |2 rdamedia | ||
| 338 | |a svazek |b nc |2 rdacarrier | ||
| 500 | |a Obálkový podnázev: od baletu do podsvětí | ||
| 500 | |a Na hřbetu uvedeno nakladatelství: Brána | ||
| 520 | 2 | |a Románový příběh o trnité cestě talentované ukrajinské dívky za štěstím a uměleckou kariérou, která se nevyhne ani kontaktu s podsvětím. |b Tara je talentovaná ukrajinská tanečnice, která má před sebou zářivou kariéru. Poté co se z Doněcka stane válečná zóna, musí uprchnout do České republiky a živit se tam za nelidských podmínek jako dělnice. Jejím vysvobozením a cestou za splněním snu - tancem - se může stát malý leták nabízející v nedalekém baru místo barmanky a tanečnice. Zde se Tara seznámí s bývalou skvělou tanečnicí Marií, dříve vítězkou mnoha světových soutěží, dnes majitelkou taneční školy, která v ní obrovský talent rozpozná. A v Marii se zároveň probudí dávno zapomenuté ambice vstoupit zase na světovou taneční scénu - i když teď pouze v roli trenérky. Jenže cesta ke slávě, případně i lásce a štěstí, je trnitá a dlouhá, protože Taře pod nohy stále hází klacky její minulost, objevující se vždycky v těch nejméně vhodných okamžicích. Nakladatelská anotace. Kráceno. | |
| 655 | 7 | |a české romány |7 fd133974 |2 czenas | |
| 655 | 9 | |a Czech fiction |2 eczenas | |
| 900 | |a ABA001 |b 19 | ||
| 928 | 9 | |a Euromedia Group - Brána | |
| 928 | 9 | |a Brána | |
| 044 | |a xr | ||
| 910 | |a RBIT002 | ||
| 998 | |d 294461 |a https://core.palmknihy.cz/api/books/294461/cover?svuihq |b https://core.palmknihy.cz/api/books/294461/cover/400?svuihq |c https://core.palmknihy.cz/api/books/294461/cover/50?svuihq |e 2026-10-20 |g 408 |i 9788024268507 |j https://core.palmknihy.cz/api/books/294461/preview.epub |l |q 49 |r 1 |s https://www.palmknihy.cz/kniha/294461 |t ebook |y 2020 |z 0 | ||
| 999 | |d 311265 | ||